Skoki Narciarskie - Najlepsi Niemcy w PŚ w XXI wieku - Statystyki

Ogólne statystyki
  • Ten quiz został rozwiązany 121 razy
  • Średni wynik to 19 z 25
Statystyki odpowiedzi
Sezon Skoczek % Poprawnych
2016/17 Andreas Wellinger
95%
2022/23 Andreas Wellinger
95%
2023/24 Andreas Wellinger
95%
2019/20 Karl Geiger
93%
2021/22 Karl Geiger
93%
2010/11 Severin Freund
90%
2012/13 Severin Freund
90%
2013/14 Severin Freund
90%
2014/15 Severin Freund
90%
2015/16 Severin Freund
90%
2001/02 Sven Hannawald
88%
2002/03 Sven Hannawald
88%
2011/12 Richard Freitag
85%
2017/18 Richard Freitag
85%
2018/19 Markus Eisenbichler
83%
2020/21 Markus Eisenbichler
83%
2000/01 Martin Schmitt
81%
2008/09 Martin Schmitt
81%
2024/25 Pius Paschke
80%
2007/08 Michael Neumayer
44%
2004/05 Michael Uhrmann
44%
2005/06 Michael Uhrmann
44%
2006/07 Michael Uhrmann
44%
2009/10 Michael Uhrmann
44%
2003/04 Georg Spath
14%
Nie znaleziono quizów pasujących do podanych kryteriów
Rozkład punktacji
Procent ludzi z każdym wynikiem
Percentyl według liczby udzielonych odpowiedzi
Twoja historia wyników
Nie rozwiązałeś tego quizu